Raymond Devos - Complétez les répliques - Statistiques

Statistiques générales
  • Ce quiz a été pris 23 fois
  • Le résultat moyen est 5 sur 12
Statistiques - réponses
Sketch Répliques % Correct
Parler pour ne rien dire Rien multiplié par rien égal rien, trois multiplié par trois égal neuf, ça fait {rien} {de} {neuf}.
68%
Le petit poussin C'est une petite boule jaune comme ça, ça fait : "cui cui"... il était pas {cuit}.
64%
Caen Comme j'avais entendu dire : "À quand les vacances ? À quand les vacances", je dis : "Bon, je vais aller à {Caen}".
55%
Le mille-feuille Deux {tiers} pour le {tiers}-monde, est-ce que c'est pas un {tiers} de trop ?
45%
Le bout du bout Prenons un {bout} de truc. Vous coupez le {bout} du truc, il reste un {bout} au {bout} du truc.
45%
Les chansons que je ne chante pas Un jardinier qui sabote une pelouse est un assassin {en} {herbe}.
45%
Ouï-dire Et qu'a ouï l'ouïe de l'oie de Louis ? Elle a ouï ce que toute {oie} {oit}.
32%
Les poches sous les yeux Il retourne les poches qu'il avait sous les yeux, elles étaient pleines de bouquins. Je lui dis : "Ce sont des {livres} {de} {poche} que vous avez là ?".
32%
Où courent-ils ? Ils courent faire leurs courses au {marché}.
32%
Ça peut se dire, ça ne peut pas se faire J'ai commencé à ne rien faire. Sans rien dire. Ça a l'air de rien... mais {faut} {le} {faire}.
23%
Ma deux bœufs J'ai failli être en retard, parce que je suis venu en {deux} {bœufs}.
18%
Le savoir-choir La poule avait vu {choir} un mou{choir} d'un sé{choir}.
18%
Aucun quiz correspondant
Distribution des résultats
% des personnes avec chaque résultat
Percentile par nombre de réponses
Votre historique - résultats
Vous n’avez pas pris ce quiz